Regioni in ordine alfabetico - Statistics

Statistiche generali
  • Questo quiz è stato fatto 1.022 volte
  • Il punteggio medio è 11 su 20
Statistiche sulle risposte
Superficie (km²) Popolazione (ab.) Regione % Corretto
10 831 1 271 566 Abruzzo
92%
10 073 537 423 Basilicata
89%
13 671 5 597 774 Campania
80%
15 221 1 843 809 Calabria
79%
22 453 4 427 880 Emilia-Romagna
68%
23 863 9 950 144 Lombardia
66%
17 232 5 706 791 Lazio
63%
7 924 1 192 822 Friuli-Venezia Giulia
61%
5 416 1 504 140 Liguria
58%
4 460 290 282 Molise
54%
9 427 1 482 604 Marche
52%
25 387 4 243 866 Piemonte
48%
25 832 4 806 738 Sicilia
46%
18 345 4 841 193 Veneto
45%
24 100 1 577 377 Sardegna
44%
3 261 122 980 Valle d'Aosta
43%
19 541 3 905 367 Puglia
42%
22 987 3 654 451 Toscana
39%
13 616 1 075 055 Trentino-Alto Adige
38%
8 464 855 097 Umbria
37%
Nessun quiz corrispondente trovato
Distribuzione punteggi
Percentuale di utenti per punteggio
Percentile per numero di risposta
I tuoi punteggi nel tempo
Non hai fatto questo quiz